Zmeny pri uplatňovaní daňového bonusu na dieťa

Skutočnosť či vznikne zamestnancovi nárok na daňový bonus na deti v ročnom zúčtovaní preddavkov na daň z príjmov zo závislej činnosti za rok 2020, ovplyvnia príjmy zo zamestnania, ale aj príjmy od dane oslobodené, konkrétne pandemické nemocenské a pandemické ošetrovné. Zmenu priniesla novela č. 47/2...

Descrizione completa

Salvato in:
Dettagli Bibliografici
Autore principale: Matlovičová, Iveta
Natura: Capitolo di libro
Lingua:slovacco
Soggetti:
Tags: Aggiungi Tag
Nessun Tag, puoi essere il primo ad aggiungerne!!

MARC

LEADER 00000naa a2200000 4500
001 0273581
005 20210511171419.9
041 0 |a slo 
044 |a SK 
245 1 0 |a Zmeny pri uplatňovaní daňového bonusu na dieťa  |c Iveta Matlovičová 
520 |a Skutočnosť či vznikne zamestnancovi nárok na daňový bonus na deti v ročnom zúčtovaní preddavkov na daň z príjmov zo závislej činnosti za rok 2020, ovplyvnia príjmy zo zamestnania, ale aj príjmy od dane oslobodené, konkrétne pandemické nemocenské a pandemické ošetrovné. Zmenu priniesla novela č. 47/2020 Z.z. zákona č. 67/2020 Z.z. 
610 2 0 |a dane z príjmov 
610 2 0 |a zamestnanci 
610 2 0 |a deti 
610 2 0 |a zúčtovanie 
610 2 0 |a preddavky 
610 2 0 |a príjmy 
610 2 0 |a oslobodenie od daní 
100 1 |a Matlovičová, Iveta